00768 2200289 4500001002100000005001500021035002000036007000300056008004100059020002200100082000800122084001500130100001800145245008500163250001000248260004700258300003500305650002700340700001700367520002800384990001100412990001100423990001100434990001100445990001100456990001100467INLIS00000000000439520191106094209 a0010-1119000022ta191106 g 0 ind  a978-602-51556-2-8 a634 a634 ALZ p0 aALZENA, Resti1 aPanduan Praktis Budidaya Tomat & Wortel /cAlzena Resti; penyunting, Nur Iswarso acet.1 aYogyakarta :bHijaz Pustaka Mandiri,c2018 aiv, 95 hlm. :bilus. ;c21 cm. 4aKEBUN BUAH. BUAH TOMAT0 aNUR, Iswarso aBibliografi: hlm. 94-95 a7142 a a7142 b a7127 b a7142 a a7127 a a7127 b